Представление документа в формате RUSMARC

ПолеНазваниеЗначение
  Тип записи a
  Библиографический уровень m
001 Контрольный номер a71ebaaa2f304f3c9c7ae66362fc0b72
005 Дата корректировки 20201206205159.8
010 Индекс ISBN __
a ISBN 978-5-9900407-8-6 (в пер.)
100 Данные общей обработки __
a Данные общей обработки 19190327d2018||||||| 0rusy0189 ca
101 Язык документа 0_
a Язык текста rus
102 Страна публикации __
a Страна публикации ru|
102 Страна публикации __
a Страна публикации RU
105 Кодированные данные (монография) __
a Кодированные данные (монография) ao||||||010zy
200 Заглавие и сведения об ответственности 1_
a Заглавие 70 лет тюменской геологии. Служа Отечеству
e Сведения, относящиеся к заглавию в 2 томах
f Первые сведения об ответственности под общей редакцией А. М. Брехунцова и В. Н. Битюкова ; [авторы-составители: Елена Анатольевна Брылина и др.]
b Общее обозначение материала Текст
210 Выходные данные __
a Место издания Тюмень
c Издательство Сибирский научно-аналитический центр
d Дата издания 2018-2019
215 Физическое описание __
c Иллюстрации/тип воспроизводства цв. ил., фот.
d Формат 29 см
330 Аннотация __
a Аннотация Книга посвящена геологии Тюменской области советского периода. Главной задачей авторов было не только рассказать об истории геологии, но и показать события этого времени через людей. Основная идея книги - сохранить в памяти человечества имена стоявших у истоков геологии людей.
517 Другие варианты заглавия __
a Другие варианты заглавия Служа Отечеству
517 Другие варианты заглавия __
a Другие варианты заглавия Семьдесят лет тюменской геологии
601 Наименование организации как предмет __
a Наименование организации как предмет Главное Тюменское производственное геологическое управление
601 Наименование организации как предмет __
a Наименование организации как предмет Главтюменьгеология
606 Тематические рубрики __
a Основная рубрика Экономика
606 Тематические рубрики __
a Основная рубрика Экономика топливной промышленности
z Хронологическая подрубрика 20 в.
y Географическая подрубрика Россия
y Географическая подрубрика Тюменская область
610 Ключевые слова __
a Ключевые слова краеведение
610 Ключевые слова __
a Ключевые слова геологоразведка
610 Ключевые слова __
a Ключевые слова история геологоразведки
610 Ключевые слова __
a Ключевые слова разведка месторождений
610 Ключевые слова __
a Ключевые слова персоналии
610 Ключевые слова __
a Ключевые слова геологи
686 Индексы других классификаций __
2 Код системы rubbks
a Классификационный индекс 65.305.143.2(2Рос-4Тюм)
702 Вторичная интеллектуальная ответственность _1
a Фамилия Брехунцов
b Имя А. М.
4 Код отношения Редактор
f Даты 1941-
g Полное личное имя Анатолий Михайлович
4 Код отношения 340
702 Вторичная интеллектуальная ответственность _1
a Фамилия Битюков
b Имя В. Н.
4 Код отношения Редактор
g Полное личное имя Владимир Николаевич
4 Код отношения 340
702 Вторичная интеллектуальная ответственность _1
a Фамилия Брылина
b Имя Е. А.
4 Код отношения Составитель
g Полное личное имя Елена Анатольевна
4 Код отношения 220
702 Вторичная интеллектуальная ответственность _1
a Фамилия Долгова
b Имя Т. С.
4 Код отношения Составитель
g Полное личное имя Татьяна Станиславовна
4 Код отношения 220
702 Вторичная интеллектуальная ответственность _1
a Фамилия Иванова
b Имя А. М.
4 Код отношения Составитель
g Полное личное имя Алла Михайловна
4 Код отношения 220
702 Вторичная интеллектуальная ответственность _1
a Фамилия Плехова
b Имя О. Н.
4 Код отношения Составитель
g Полное личное имя Ольга Николаевна
4 Код отношения 220
702 Вторичная интеллектуальная ответственность _1
a Фамилия Почерк
b Имя В. А.
4 Код отношения Составитель
g Полное личное имя Вера Александровна
4 Код отношения 220
702 Вторичная интеллектуальная ответственность _1
a Фамилия Трепянская
b Имя Л. В.
4 Код отношения Составитель
g Полное личное имя Людмила Васильевна
4 Код отношения 220
702 Вторичная интеллектуальная ответственность _1
a Фамилия Тюрина
b Имя О. А.
4 Код отношения Составитель
g Полное личное имя Ольга Алексеевна
4 Код отношения 220
801 Источник записи _0
a Страна ru
b Организация Муниципальное бюджетное учреждение культуры "Централизованная библиотечная система" г. Сургут (Центральная городская библиотека им. А. С. Пушкина)
c Дата составления 20190327
g Правила каталогизации PSBO
801 Источник записи _1
a Страна ru
b Организация Муниципальное бюджетное учреждение культуры "Централизованная библиотечная система" г. Сургут (Центральная городская библиотека им. А. С. Пушкина)
c Дата составления 20190327
g Правила каталогизации PSBO
852 Данные о местонахождении __
j Шифр хранения 65.305.143.2(2Рос-4Тюм)
i Авторский знак С 30
901 Тип документа __
t Тип документа v
a Ответственный КиК/Котельникова
903 Характеристики (МАРС) __
a Дата передачи 20191017; 20190327